Meze svobody projevu
Sloboda prejavu ako jedna z prvých občianskych slobôd, ktorú si ľudia v histórii vydobili. Právna úprava slobody prejavu v Česku. Pojem demokracia. Obmedzenie slobody prejavu.
Guardado en:
| Autor principal: | |
|---|---|
| Formato: | Capítulo de libro |
| Lenguaje: | checo |
| Materias: | |
| Etiquetas: |
Sin Etiquetas, Sea el primero en etiquetar este registro!
|
MARC
| LEADER | 00000naa$a2200000$$$4500 | ||
|---|---|---|---|
| 001 | 0005696 | ||
| 005 | 20231016091246.1 | ||
| 041 | 0 | |a cze | |
| 044 | |a CZ | ||
| 245 | 1 | 0 | |a Meze svobody projevu |c aut. Jiří Herczeg |
| 520 | |a Sloboda prejavu ako jedna z prvých občianskych slobôd, ktorú si ľudia v histórii vydobili. Právna úprava slobody prejavu v Česku. Pojem demokracia. Obmedzenie slobody prejavu. | ||
| 610 | 2 | 0 | |a sloboda |
| 610 | 2 | 0 | |a demokracia |
| 610 | 2 | 0 | |a ústava |
| 610 | 2 | 0 | |a právo občianske |
| 610 | 2 | 0 | |a právo ústavné |
| 610 | 2 | 0 | |a komunikácia |
| 100 | 1 | |a Herczeg, Jiří | |